| 000 | 00463nam a22001577a 4500 | ||
|---|---|---|---|
| 003 | OSt | ||
| 008 | 260508b |||||||| |||| 00| 0 eng d | ||
| 082 |
_a633.61 _bD18C |
||
| 100 | _aDas, Madan Kumar | ||
| 245 | _aComparison of Ring Planting with Conventional Row Planting of Sugarcane for Yield and Economics in North Bihar Condition | ||
| 260 |
_aPusa, Samastipur _bRAU _c1987 |
||
| 300 | _a83P. | ||
| 502 |
_bMsc. _d1987 |
||
| 650 | _aAgronomy | ||
| 942 |
_2ddc _cT |
||
| 999 |
_c50511 _d50511 |
||